| 000 | 00570cam a22001457a 4500 | ||
|---|---|---|---|
| 008 | 180718b2011 xxu||||| |||| 00| 0 eng d | ||
| 082 | _aAPPPA 2010-11/BIR | ||
| 100 | _aBiresh Kumar | ||
| 245 |
_aCivil services examination reforms: a comparative study of India and U.K. _cby Biresh Kumar |
||
| 260 |
_aNew Delhi _bIndian Institute of public Administration _c2011 |
||
| 300 | _a113p. | ||
| 500 | _aAn APPPA M.Phil dissertation, 2010-11 (Guide: Dr. Rakesh Hooja) | ||
| 650 | _aCivil service --India --Examinations | ||
| 650 | _aIndia --Officials and employees --Recruiting | ||
| 999 |
_c502406 _d502406 |
||